|
|
|
|
| LEADER |
00000nab a2200000 a 4500 |
| 001 |
vtls010726893 |
| 003 |
SK-MaSNL |
| 005 |
20260426092723.0 |
| 008 |
250709s xo |||||||||||||||||slo| |
| 035 |
|
|
|a (urnnbn)urn:nbn:sk:snk:ar-a050dt
|
| 035 |
|
|
|a (uuid)1cd8a5bd-e159-448a-af6f-03d459cf6264
|
| 035 |
|
|
|a urn:nbn:sk:snk-ab3qhc
|
| 040 |
|
|
|a SNKBUCL
|b slo
|c SNKBUCL
|e AACR2
|
| 041 |
0 |
|
|a slo
|
| 044 |
|
|
|a xo
|c SK
|
| 100 |
1 |
|
|a Miko, František,
|d 1920-2010
|4 aut
|9 198912
|
| 245 |
1 |
0 |
|a Slovenský štrukturalizmus
|c František Miko
|
| 650 |
0 |
7 |
|a štruktúrna lingvistika
|2 SNKPH
|9 78509
|
| 651 |
|
7 |
|a Slovensko
|2 SNKPH
|9 14231
|
| 773 |
0 |
|
|t Slovenský jazyk a literatúra v škole : časopis pre otázky jazyka a literatúry
|g Roč. 18, č. 1 (1971-1972), s. 32
|
| 850 |
|
|
|a Slovenská národná knižnica
|
| 852 |
|
|
|a Slovenská národná knižnica
|
| 954 |
|
|
|a odborná, vedecká literatúra pôvodná (slovenská)
|2 lita
|
| 958 |
|
|
|a article1
|
| 958 |
|
|
|a OND
|
| 958 |
|
|
|a EUIPO
|
| 999 |
|
|
|c 3074210
|d 3076140
|